000 00555nam a2200241Ia 4500
005 20260306150244.0
008 008 260114s9999 xx 000 0 eng d
020 _a9780823293377
037 _aEbook
040 _aCRL
040 _beng
040 _cCRL
041 _2eng
041 _aeng
084 _qCRL
245 0 _aThinking in Dark Times
260 _bFordham University Press
260 _c2010
650 _aPhilosophy
856 _uhttps://www.degruyter.com/isbn/9780823293377
942 _cEBOOK
999 _c1695138
_d1695138